Un modelo estructuralista-keynesiano de determinación del tipo cambio real “óptimo” para el desarrollo económico brasileño: 1999-2015 (Registro nro. 34770)

Detalles MARC
000 -LEADER
fixed length control field 00483 a2200133 4500
001 - CONTROL NUMBER
control field ART_46693
005 - DATE AND TIME OF LATEST TRANSACTION
control field 20260410162040.0
008 - FIXED-LENGTH DATA ELEMENTS--GENERAL INFORMATION
fixed length control field 260409a
100 1# - MAIN ENTRY--PERSONAL NAME
Personal name Nassif, André
245 10 - TITLE STATEMENT
Title Un modelo estructuralista-keynesiano de determinación del tipo cambio real “óptimo” para el desarrollo económico brasileño: 1999-2015
700 1# - ADDED ENTRY--PERSONAL NAME
Personal name Feijo, Carmen Aparecida
700 1# - ADDED ENTRY--PERSONAL NAME
Personal name Araújo, Eliane
773 0# - HOST ITEM ENTRY
Title Revista Cepal
Related parts - Nº 123 (dic. 2017)
Record control number REV45125

No hay ítems disponibles.